Carregant...
Voip Security
| Autor principal: | |
|---|---|
| Format: | Printed Book |
| Publicat: |
Digital Press
2006
|
| Matèries: |
| LEADER | 00403nam a2200133 4500 | ||
|---|---|---|---|
| 082 | |a 005.8 | ||
| 100 | |a Ransome, James | ||
| 245 | |a Voip Security |c James Ransome |h [Text] | ||
| 260 | |b Digital Press |c 2006 | ||
| 300 | |a 422p. | ||
| 650 | 0 | |a Cryptography | |
| 942 | |c BK | ||
| 999 | |c 83711 |d 83711 | ||
| 952 | |0 0 |1 0 |4 0 |6 005_800000000000000 |7 0 |9 75971 |a SOCS |b SOCS |d 2015-06-11 |g 11.50 |l 0 |o 005.8 |p SOCS3020 |r 2015-06-11 |w 2015-06-11 |y BK | ||